[Event "Cologne Longerich op-B 12th"]
[Site "Cologne"]
[Date "2015.08.02"]
[Round "4"]
[White "Fischer, Bastian"]
[Black "Mohammadi Nia, Nosratollah"]
[Result "1-0"]
[WhiteElo "1476"]
[BlackElo "1231"]
[PlyCount "147"]
[EventDate "2015.07.31"]
[EventType "tourn"]
[EventRounds "5"]
[EventCountry "GER"]
[SourceTitle "EXT 2017"]
[Source "ChessBase"]
[SourceDate "2016.10.25"]
[SourceVersion "1"]
[SourceVersionDate "2016.10.25"]
[SourceQuality "1"]

1. e4 e5 2. f4 d6 3. Nf3 exf4 4. Bc4 Be6 5. Bxe6 fxe6 6. d4 g5 7. 0-0 Qf6 8. Nc3 a6 9. e5 Qf5 10. exd6 Bxd6 11. Re1 Nd7 12. Qe2 Nf8 13. d5 0-0-0 14. dxe6 Ne7 15. Ne4 h6 16. Nd4 Qe5 17. Nxd6+ Qxd6 18. Nb3 Qb6+ 19. Kh1 Rd6 20. Qh5 Nxe6 21. Bd2 Nf5 22. Bc3 Rhd8 23. Be5 Rc6 24. Bf6 Rf8 25. Rad1 Rd6 26. Rxd6 Qxd6 27. Be5 Qd5 28. Qe2 Ne3 29. Bc3 g4 30. Bd2 Nd4 31. Qf2 g3 32. hxg3 Qh5+ 33. Kg1 Ng4 34. Qxd4 Qh2+ 35. Kf1 fxg3+ 36. Ke2 Qxg2+ 37. Kd1 Qf3+ 38. Kc1 Qg2 39. Qxg4+ Kb8 40. Qd1 h5 41. Qxh5 Rf1 42. Qd1 Rxe1 43. Bxe1 Qg1 44. Qd8+ Ka7 45. Qd4+ Qxd4 46. Nxd4 g2 47. Bf2 Kb8 48. Ne6 b5 49. Nf4 Kb7 50. Nxg2 Kc6 51. b3 Kd5 52. Nf4+ Ke4 53. Ng6 Kd5 54. Kd2 c5 55. Nf4+ Kc6 56. c4 bxc4 57. bxc4 Kb6 58. Kc3 Ka5 59. Kb3 Kb6 60. Ne6 Ka5 61. Nxc5 Kb6 62. Ne6+ Ka5 63. Be1+ Kb6 64. Bb4 Kc6 65. Nd4+ Kb6 66. c5+ Kc7 67. c6 Kc8 68. Bc5 Kc7 69. Ka4 Kc8 70. Ka5 Kc7 71. Kxa6 Kc8 72. Kb6 Kb8 73. Bd6+ Kc8 74. a4 1-0

[Event "Cologne Longerich op-B 12th"]
[Site "Cologne"]
[Date "2015.08.01"]
[Round "2"]
[White "Hirsch, Reinhard"]
[Black "Mohammadi Nia, Nosratollah"]
[Result "1/2-1/2"]
[WhiteElo "995"]
[BlackElo "1231"]
[PlyCount "151"]
[EventDate "2015.07.31"]
[EventType "tourn"]
[EventRounds "5"]
[EventCountry "GER"]
[SourceTitle "EXT 2017"]
[Source "ChessBase"]
[SourceDate "2016.10.25"]
[SourceVersion "1"]
[SourceVersionDate "2016.10.25"]
[SourceQuality "1"]

1. e4 e5 2. Nf3 Nc6 3. Bc4 Bc5 4. c3 h6 5. d3 Nf6 6. Nbd2 d6 7. Nf1 d5 8. exd5 Nxd5 9. Qe2 f6 10. Qe4 Nde7 11. Ng3 f5 12. Qe2 Qd6 13. Bb5 g6 14. Nxe5 Bd7 15. Nc4 Qd5 16. Ne3 Bxe3 17. Bc4 Qxg2 18. Bxe3 Qh3 19. 0-0-0 Rf8 20. f4 0-0-0 21. Rhf1 Qh4 22. Rf3 Qf6 23. d4 Qd6 24. d5 Na5 25. Rd4 a6 26. Nf1 b5 27. Bb3 Nxb3+ 28. axb3 Nxd5 29. c4 bxc4 30. bxc4 Nxf4 31. Rfxf4 Qe5 32. Rd5 Qe6 33. Rfd4 f4 34. Qd3 fxe3 35. Nxe3 Rf3 36. Re4 Qh3 37. Kd2 c6 38. Rd6 Qxh2+ 39. Kc3 Qg1 40. c5 Qc1+ 41. Kb3 Qa1 42. Ra4 Be6+ 43. Kb4 Rf4+ 44. Kc3 Qc1+ 45. Nc2 Rc4+ 46. Rxc4 Rxd6 47. cxd6 Bxc4 48. Qxc4 Kd7 49. Qd3 Qg1 50. Nb4 Qc5+ 51. Kb3 a5 52. Qh3+ Qf5 53. Qxf5+ gxf5 54. Nd3 Kxd6 55. Kc4 Ke6 56. Kd4 Kf6 57. Ke3 h5 58. Kf4 Kg6 59. Ne5+ Kf6 60. Nxc6 a4 61. Nd4 h4 62. Nxf5 h3 63. Ng3 h2 64. Kf3 Ke5 65. Ke3 Kd5 66. Kd3 Ke5 67. Ke3 Kd5 68. Kd3 Kc5 69. Kc3 Kb5 70. Nh1 Kc5 71. Nf2 Kb5 72. Nh1 Ka5 73. Kc4 a3 74. bxa3 Ka4 75. Kc3 Kxa3 76. Kd3 1/2-1/2